000 00279nam a22001337a 4500
008 180925b xxu||||| |||| 00| 0 eng d
020 _a9780669383171
041 _aeng
080 _a510
100 _a37
101 _aMAT
245 _aAlgebra 2
_cHeath, D.C
942 _2udc
_cBK
999 _c48425
_d48425